City Year Pledge Quiz Stats

 Plays Quiz not verified by Sporcle

Score 0/20 Timer 15:00
0 Plays Today
Hint Answer % Correct
Begin (1)I pledge
100%
1to serve as a City Year member to the very best of my ability
83.3%
2To honor
83.3%
2the rules and expectations of City Year
80%
3To respect
70%
3my colleagues and the people and communities we serve
70%
4To provide
66.7%
4excellent service
66.7%
5To lead
66.7%
5by example and be a role model to children
63.3%
Hint Answer % Correct
6To celebrate
63.3%
7To serve
63.3%
7with an open heart and an open mind
63.3%
8To be quick to help
63.3%
8and slow to judge
63.3%
6the diversity of people, ideas, and cultures around me
60%
10And to build
56.7%
9To do my best
53.3%
9to make a difference in the lives of others
53.3%
End (10)a stronger community, nation, and world for all of us
43.3%

You're not logged in!

Compare scores with friends on all Sporcle quizzes.
OR
Log In

Show Comments

Extras

Created Aug 31, 2015ReportNominate
Tags:City Quiz, pledge

Top Quizzes Today


Score Distribution

Your Account Isn't Verified!

In order to create a playlist on Sporcle, you need to verify the email address you used during registration. Go to your Sporcle Settings to finish the process.

Report this User

Report this user for behavior that violates our Community Guidelines.

Details: